Statystyki dla Kadra Ekwadoru na mundial 2022

Kliknij tutaj aby rozwiązać quiz!

Ogólne statystyki

  • Ten quiz został rozwiązany 17 razy
    (6 od ostatniego zresetowania)
  • Średni wynik to 17 z 26

Statystyki odpowiedzi

PozycjaZawodnik% Poprawnych
NapastnikEnner Valencia
100%
BramkarzHernán Galindez
100%
PomocnikMoisés Caicedo
100%
ObrońcaPervis Estupiñán
100%
ObrońcaAngelo Preciado
75%
PomocnikAyrton Preciado
75%
PomocnikGonzalo Plata
75%
PomocnikJeremy Sarmiento
75%
PomocnikJosé Cifuentes
75%
NapastnikKevin Rodríguez
75%
BramkarzMoisés Ramirez
75%
ObrońcaPiero Hincapié
75%
PomocnikAlan Franco
50%
BramkarzAlexander Domínguez
50%
PomocnikÁngel Mena
50%
PomocnikCarlos Gruezo
50%
ObrońcaDiego Palacios
50%
NapastnikDjorkaeff Reasco
50%
ObrońcaFélix Torres
50%
ObrońcaJackson Porozo
50%
NapastnikMichael Estrada
50%
PomocnikRomario Ibarra
50%
PomocnikSebas Mendez
50%
ObrońcaWilliam Pacho
50%
ObrońcaXavier Arreaga
50%
ObrońcaRobert Arboleda
25%

Rozkład punktacji

Percentyl według liczby udzielonych odpowiedzi

Procent ludzi z każdym wynikiem

Twoja historia wyników

Nie rozwiązałeś tego quizu od ostatniego zresetowania